000 00838cam a2200157 4500500
005 20260405004948.0
041 _afre
042 _adc
100 1 0 _ade Charentenay, Pierre
_eauthor
245 0 0 _aJean-Christophe Defraigne, De l’intégration nationale à l’intégration continentale , L’Harmattan, 2005, 316 pages, 28,30 €
260 _c2005.
500 _a18
520 _aRésuméJules Verne distingue deux sources aux obstacles, aux réussites, aux échecs et aux succès de l’aventure : les éléments naturels, leur connaissance et leur maîtrise, et les conflits humains qui vont apparaître comme la source la plus réelle de perdition.
786 0 _nÉtudes | 403 | 7 | 2005-07-01 | p. XXVII-XXVII | 0014-1941
856 4 1 _uhttps://shs.cairn.info/revue-etudes-2005-7-page-XXVII?lang=fr&redirect-ssocas=7080
999 _c2079830
_d2079831